000 00315nam a22001337a 4500
008 170529b xxu||||| |||| 00| 0 eng d
020 _a0070017514
041 _aeng
080 _a621.36
100 _a25
101 _aIM
245 _aSOLAR ENERGY: FUNDAMENTALS IN BUILDING DESIGN
_cANDERSON, B
942 _2udc
_cBK
999 _c14880
_d14880